000 01083nam1a2200313 i 4500
001 RU\NLR\BIBL_A\016360511
005 20260406154031.0
035 _a(NLR Aleph) 016360511
090 _a13149815
_c13149815
100 _a20230503g20239999u y0rusy50 ca
101 0 _arus
102 _aRU
105 _a||||z||||||||
181 0 _ai4
_baxxe
182 0 _an
200 1 _aНовая цивилизация
_fВладимир Мегре
203 _aТекст
_bвизуальный
_cнепосредственный
205 _a2-е изд.
210 _aМосква
_cАСТ
_d2023
215 _d20
225 1 _aЗвенящие кедры России
333 _a16+
606 _a"Звенящие кедры России", религиозное движение
_92406070
_3RU\NLR\AUTH\6601653319
686 1 _aЭ231.92
700 1 _8rus
_7ca
_aМегре
_bВ. Н.
_f1950-
_gВладимир Николаевич
_3RU\NLR\AUTH\776718
_9116667
852 _aNLR
_j2023-3/10237
942 _cBOOK